[Event "19. Wch 2009 Veteranos"]
[Site "Condino ITA"]
[Date "2009.10.29"]
[Round "3.22"]
[White "Jakobsen, Ole"]
[Black "Nielsen, Kai Sten"]
[Result "1-0"]
[WhiteElo "2344"]
[BlackElo "2162"]
[PlyCount "67"]
[EventDate "2009.10.27"]
[EventType "swiss"]
[EventRounds "11"]
[EventCountry "ITA"]
[Source "lmi"]
[SourceDate "2009.10.27"]

1. Nf3 d5 2. d4 Nf6 3. c4 e6 4. Nc3 Nbd7 5. cxd5 exd5 6. Bg5 h6 7. Bh4 Be7 8.
e3 O-O 9. Qc2 Re8 10. Bd3 c6 11. h3 Ne4 12. Bxe7 Qxe7 13. Bxe4 dxe4 14. Nd2 Nf6
15. O-O-O a5 16. Kb1 b5 17. Nb3 Be6 18. Nc5 a4 19. N3xe4 Nxe4 20. Qxe4 Bxa2+
21. Kxa2 Qxe4 22. Nxe4 Rxe4 23. Rc1 Re6 24. Ka3 Kf8 25. Rc5 Rf6 26. Rc2 Rd8 27.
Rhc1 Rdd6 28. Kb4 Ke7 29. b3 axb3 30. Kxb3 Kd7 31. Ra1 Rd5 32. Ra7+ Kd6 33. f4
g5 34. e4 1-0

[Event "19. Wch 2009 Veteranos"]
[Site "Condino ITA"]
[Date "2009.10.29"]
[Round "3.23"]
[White "Kulago, Alexander"]
[Black "Altshul, Raffael"]
[Result "1/2-1/2"]
[WhiteElo "2117"]
[BlackElo "2343"]
[PlyCount "115"]
[EventDate "2009.10.27"]
[EventType "swiss"]
[EventRounds "11"]
[EventCountry "ITA"]
[Source "lmi"]
[SourceDate "2009.10.27"]

1. Nf3 Nf6 2. c4 e6 3. Nc3 Bb4 4. Qc2 O-O 5. a3 Bxc3 6. Qxc3 a5 7. b3 Nc6 8.
Bb2 Re8 9. d4 d6 10. O-O-O Qe7 11. Nd2 e5 12. d5 Nb8 13. e4 Nbd7 14. Bd3 Nc5
15. Bc2 Bd7 16. a4 c6 17. Ba3 b6 18. dxc6 Bxc6 19. Bxc5 dxc5 20. f3 Rad8 21.
Nf1 Rd4 22. Ne3 g6 23. g4 Nd7 24. h4 Qf6 25. Ng2 Nf8 26. g5 Qd6 27. Ne3 Ne6 28.
Ng4 Rd8 29. Nf6+ Kg7 30. Qe3 Nf4 31. Nd5 Bxd5 32. exd5 Re8 33. Be4 f6 34. gxf6+
Qxf6 35. Rdg1 Kh8 36. Rg5 Nh5 37. Rg4 Nf4 38. Kc2 Rf8 39. Rhg1 Rd8 40. Rh1 Re8
41. Rhg1 Qg7 42. Qe1 Qh6 43. Qe3 Kg7 44. Rh1 Kh8 45. Rg5 Qf8 46. Rg4 Qf6 47.
Rhg1 Kg7 48. Rh1 Kf7 49. Rhg1 Ke7 50. Rh1 Kd6 51. Rhg1 Rf8 52. Rh1 Nh5 53. Rhg1
Qe7 54. Qh6 Nf6 55. R4g2 Rxe4 56. Rxg6 hxg6 57. Rxg6 Kd7 58. Rg7 1/2-1/2

[Event "19. Wch 2009 Veteranos"]
[Site "Condino ITA"]
[Date "2009.10.29"]
[Round "3.25"]
[White "Busu, Corneliu"]
[Black "Kock, Hans-Uwe"]
[Result "1-0"]
[WhiteElo "2320"]
[BlackElo "2137"]
[PlyCount "119"]
[EventDate "2009.10.27"]
[EventType "swiss"]
[EventRounds "11"]
[EventCountry "ITA"]
[Source "lmi"]
[SourceDate "2009.10.27"]

1. d4 c5 2. d5 e5 3. c4 d6 4. e4 Ne7 5. Bd3 Ng6 6. Nf3 Be7 7. Nc3 Nd7 8. Ne2
Nh4 9. Nxh4 Bxh4 10. Ng1 Bg5 11. Nf3 Bxc1 12. Qxc1 Nf8 13. Qg5 Qxg5 14. Nxg5 h6
15. Nf3 Ng6 16. g3 Bh3 17. Nd2 O-O 18. f3 Bd7 19. O-O Ne7 20. f4 f6 21. f5 a6
22. a4 a5 23. Rf2 b6 24. b3 Kf7 25. Be2 Ke8 26. Bh5+ Kd8 27. Raf1 Be8 28. Bxe8
Kxe8 29. Nb1 Nc8 30. Nc3 Na7 31. Rg2 Kf7 32. g4 Rg8 33. h4 Raf8 34. Rf3 Ke7 35.
g5 hxg5 36. hxg5 Rh8 37. gxf6+ gxf6 38. Rg7+ Rf7 39. Rfg3 Kf8 40. R7g6 Ke7 41.
Nd1 Nc8 42. Nf2 Ke8 43. Ng4 Rhf8 44. Kg2 Ne7 45. Rh6 Ng8 46. Rh4 Ne7 47. Kh3
Kd8 48. Nh2 Ke8 49. Nf3 Rg8 50. Rxg8+ Nxg8 51. Rh8 Rg7 52. Nh4 Kd7 53. Ng6 Kc7
54. Nf8 Rg1 55. Kh2 Rg4 56. Ng6 Rxe4 57. Rxg8 Re3 58. Rf8 Rxb3 59. Rf7+ Kd8 60.
Rxf6 1-0

[Event "19. Wch 2009 Veteranos"]
[Site "Condino ITA"]
[Date "2009.10.29"]
[Round "3.26"]
[White "Barlocco, Carlo"]
[Black "Sloth, Jorn"]
[Result "1/2-1/2"]
[WhiteElo "2158"]
[BlackElo "2312"]
[PlyCount "61"]
[EventDate "2009.10.27"]
[EventType "swiss"]
[EventRounds "11"]
[EventCountry "ITA"]
[Source "lmi"]
[SourceDate "2009.10.27"]

1. d4 Nf6 2. Nf3 c6 3. c4 d6 4. Nc3 Bf5 5. e3 Nbd7 6. Bd3 Bxd3 7. Qxd3 e5 8.
O-O Be7 9. b3 O-O 10. Bb2 Re8 11. Rfd1 Bf8 12. dxe5 dxe5 13. Ne4 Nxe4 14. Qxe4
Qe7 15. Ba3 Nf6 16. Bxe7 Nxe4 17. Bxf8 Kxf8 18. Rd7 Nc5 19. Rc7 a5 20. Rd1 f6
21. Kf1 Re7 22. Rxe7 Kxe7 23. Nd2 g5 24. Nb1 f5 25. Nc3 g4 26. Ke2 h5 27. f3
gxf3+ 28. gxf3 Rg8 29. Kf2 Rg6 30. Rg1 Rxg1 31. Kxg1 1/2-1/2

[Event "19. Wch 2009 Veteranos"]
[Site "Condino ITA"]
[Date "2009.10.29"]
[Round "3.27"]
[White "Rukavina, Josip"]
[Black "Toefferl, Heimo"]
[Result "1-0"]
[WhiteElo "2435"]
[BlackElo "2121"]
[PlyCount "73"]
[EventDate "2009.10.27"]
[EventType "swiss"]
[EventRounds "11"]
[EventCountry "ITA"]
[Source "lmi"]
[SourceDate "2009.10.27"]

1. c4 e6 2. g3 c6 3. Nf3 d5 4. b3 f5 5. Bb2 Nf6 6. Bg2 Bd6 7. O-O O-O 8. d4 Bd7
9. Ba3 Be8 10. Ne5 Bxa3 11. Nxa3 Nbd7 12. Nd3 Qe7 13. Qc1 h6 14. Nc2 g5 15.
Nce1 Bh5 16. Nf3 Kh8 17. Nfe5 Rg8 18. Re1 Raf8 19. b4 Nxe5 20. dxe5 Nh7 21.
cxd5 exd5 22. Rb1 f4 23. b5 fxg3 24. hxg3 Be8 25. Qe3 b6 26. bxc6 Bxc6 27. Qd4
Rd8 28. Nb4 Ba8 29. Rbc1 Qe6 30. Rc7 a5 31. Nd3 Rg7 32. Rec1 Rdg8 33. Bf3 Nf8
34. Rxg7 Kxg7 35. Rc7+ Kg6 36. Bg4 Qe8 37. Qxb6+ 1-0

[Event "19. Wch 2009 Veteranos"]
[Site "Condino ITA"]
[Date "2009.10.29"]
[Round "3.28"]
[White "Boehnisch, Manfred"]
[Black "Profaizer, Gino"]
[Result "1-0"]
[WhiteElo "2366"]
[BlackElo "2068"]
[PlyCount "81"]
[EventDate "2009.10.27"]
[EventType "swiss"]
[EventRounds "11"]
[EventCountry "ITA"]
[Source "lmi"]
[SourceDate "2009.10.27"]

1. e4 c6 2. Nf3 d5 3. Nc3 Bg4 4. h3 Bh5 5. exd5 cxd5 6. g4 Bg6 7. Ne5 Nc6 8.
Nxg6 hxg6 9. Bg2 e6 10. b3 Be7 11. Bb2 Bf6 12. Qe2 Nge7 13. O-O-O g5 14. h4
Rxh4 15. Rxh4 gxh4 16. f4 Qa5 17. Kb1 O-O-O 18. g5 Bd4 19. Qg4 g6 20. Qxh4 Rh8
21. Qg4 Nf5 22. Rh1 Qd8 23. Rxh8 Qxh8 24. Qh3 Qh4 25. Qxh4 Nxh4 26. Bh3 Kd7 27.
Nxd5 Bxb2 28. Kxb2 Kd6 29. Ne3 e5 30. Nc4+ Kd5 31. Bc8 exf4 32. Bxb7 Kc5 33. c3
f3 34. d4+ Nxd4 35. cxd4+ Kxd4 36. Kc2 f2 37. Nd2 Ke3 38. Bd5 Kf4 39. Kd3 Kxg5
40. Bxf7 Kf4 41. Ke2 1-0

[Event "19. Wch 2009 Veteranos"]
[Site "Condino ITA"]
[Date "2009.10.29"]
[Round "3.29"]
[White "Preuss, Flemming"]
[Black "Malmdin, Nils-Ake"]
[Result "0-1"]
[WhiteElo "2066"]
[BlackElo "2282"]
[PlyCount "62"]
[EventDate "2009.10.27"]
[EventType "swiss"]
[EventRounds "11"]
[EventCountry "ITA"]
[Source "lmi"]
[SourceDate "2009.10.27"]

1. f4 c5 2. Nf3 Nc6 3. g3 g6 4. Bg2 Bg7 5. d3 d6 6. O-O e6 7. e4 Nge7 8. c3 O-O
9. Be3 b6 10. Na3 Ba6 11. Qd2 Rb8 12. Rab1 d5 13. e5 Nf5 14. Bf2 h5 15. Rfd1 d4
16. c4 Bb7 17. Nc2 a5 18. a4 Qd7 19. b3 Rbd8 20. Ng5 f6 21. exf6 Bxf6 22. Ne4
Bg7 23. Qe2 e5 24. fxe5 Nxe5 25. Kh1 Rde8 26. Rf1 Nd6 27. Bg1 Nxe4 28. Rxf8+
Bxf8 29. Bxe4 Nxd3 30. Qxd3 Bxe4+ 31. Qf3 Bxf3# 0-1

[Event "19. Wch 2009 Veteranos"]
[Site "Condino ITA"]
[Date "2009.10.29"]
[Round "3.30"]
[White "Pipitone, Antonio"]
[Black "Mueller, Rudolf"]
[Result "1-0"]
[WhiteElo "2058"]
[BlackElo "2266"]
[PlyCount "93"]
[EventDate "2009.10.27"]
[EventType "swiss"]
[EventRounds "11"]
[EventCountry "ITA"]
[Source "lmi"]
[SourceDate "2009.10.27"]

1. e4 e5 2. Nf3 Nc6 3. Bb5 a6 4. Ba4 Nf6 5. Qe2 b5 6. Bb3 Bc5 7. c3 Qe7 8. d3
h6 9. Be3 Bb7 10. O-O O-O-O 11. Bxc5 Qxc5 12. Bxf7 g5 13. b4 Qe7 14. Bb3 Rdf8
15. a4 Nh5 16. g3 g4 17. Nh4 Qg5 18. Nf5 Rxf5 19. exf5 Ne7 20. Qxe5 Ng6 21. Qc5
Ngf4 22. Re1 Nxd3 23. Qd4 Nxe1 24. Qxh8+ Qd8 25. Qxd8+ Kxd8 26. Nd2 Nd3 27.
axb5 axb5 28. Bc2 Ne5 29. Re1 d6 30. Be4 Bc8 31. f4 Nd7 32. Bc6 Ndf6 33. Ne4
Bxf5 34. Nxf6 Nxf6 35. Bxb5 Be4 36. Kf2 c6 37. Bf1 d5 38. Bg2 Bf5 39. Ke3 Kc7
40. Kd4 Kd6 41. c4 dxc4 42. Kxc4 Nd7 43. Kd4 c5+ 44. bxc5+ Nxc5 45. Re5 Nb3+
46. Kc3 Be6 47. Rxe6+ 1-0

[Event "19. Wch 2009 Veteranos"]
[Site "Condino ITA"]
[Date "2009.10.28"]
[Round "3.31"]
[White "Gruzmann, Boris"]
[Black "Cernea, Radu"]
[Result "1/2-1/2"]
[WhiteElo "2251"]
[BlackElo "2064"]
[PlyCount "36"]
[EventDate "2009.10.27"]
[EventType "swiss"]
[EventRounds "11"]
[EventCountry "ITA"]
[Source "lmi"]
[SourceDate "2009.10.27"]

1. e4 d6 2. d4 g6 3. Nc3 Bg7 4. Be3 Nf6 5. f3 O-O 6. Qd2 e5 7. Nge2 c6 8. Bh6
Nxe4 9. Nxe4 Qh4+ 10. g3 Qxh6 11. Qxh6 Bxh6 12. Nxd6 exd4 13. Nxc8 Rxc8 14.
Nxd4 c5 15. Ne2 Nc6 16. f4 Nb4 17. O-O-O Nxa2+ 18. Kb1 Nb4 1/2-1/2

[Event "19. Wch 2009 Veteranos"]
[Site "Condino ITA"]
[Date "2009.10.28"]
[Round "3.32"]
[White "Belokopyt, Boris"]
[Black "Ivanets, Vladimir"]
[Result "0-1"]
[WhiteElo "2050"]
[BlackElo "2231"]
[PlyCount "82"]
[EventDate "2009.10.27"]
[EventType "swiss"]
[EventRounds "11"]
[EventCountry "ITA"]
[Source "lmi"]
[SourceDate "2009.10.27"]

1. e4 c5 2. Nf3 Nc6 3. Bb5 Na5 4. Be2 a6 5. d3 Nc6 6. c3 Nf6 7. O-O e6 8. Bg5
Be7 9. Qc2 h6 10. Bf4 d6 11. d4 cxd4 12. cxd4 Bd7 13. a3 Nxd4 14. Nxd4 e5 15.
Be3 exd4 16. Bxd4 O-O 17. Nc3 Rc8 18. Rad1 Qc7 19. Qd2 Be6 20. f4 Nd7 21. Qe3
Bf6 22. Kh1 Rfd8 23. h3 b5 24. Rf3 Bxd4 25. Qxd4 Nf6 26. Rg3 Ne8 27. Bg4 Qe7
28. f5 Bb3 29. Rf1 Nf6 30. Be2 Qe5 31. Qe3 Re8 32. Qf2 Rxc3 33. Rxc3 Nxe4 34.
Qf3 Nxc3 35. Bd3 Nd5 36. Bb1 Bc4 37. Rd1 Ne3 38. Re1 Bd5 39. Qf2 Bb7 40. Kg1
Bxg2 41. f6 gxf6 0-1

[Event "19. Wch 2009 Veteranos"]
[Site "Condino ITA"]
[Date "2009.10.28"]
[Round "3.33"]
[White "Karl, Hans"]
[Black "Olesen, Poul Erik Norgaard"]
[Result "1-0"]
[WhiteElo "2229"]
[BlackElo "2060"]
[PlyCount "115"]
[EventDate "2009.10.27"]
[EventType "swiss"]
[EventRounds "11"]
[EventCountry "ITA"]
[Source "lmi"]
[SourceDate "2009.10.27"]

1. d4 Nf6 2. c4 g6 3. Nc3 Bg7 4. e4 d6 5. f3 O-O 6. Bg5 c5 7. d5 Na6 8. Bd3 Nc7
9. Nge2 a6 10. a4 Rb8 11. O-O Bd7 12. Qd2 Re8 13. f4 Rf8 14. e5 Nfe8 15. Qe3 f6
16. exd6 exd6 17. Bh4 b5 18. axb5 axb5 19. b3 Rf7 20. Qf3 Qc8 21. f5 Bxf5 22.
Bxf5 Qxf5 23. Qxf5 gxf5 24. Ng3 bxc4 25. bxc4 Rb3 26. Rf3 Rb4 27. Ra4 Re7 28.
Nxf5 Re5 29. Bg3 Rxa4 30. Nxa4 Re4 31. Nb6 Bf8 32. Rc3 Kf7 33. Nc8 Kg6 34.
Ncxd6 Nxd6 35. Nxd6 Re2 36. Nb7 Ne8 37. Rd3 Rc2 38. d6 Nxd6 39. Bxd6 Bh6 40.
Na5 Bd2 41. Nb3 Bb4 42. Rg3+ Kf5 43. Rf3+ Ke6 44. Bxc5 Rxc4 45. Nd4+ Kd5 46.
Bxb4 Rxb4 47. Ne2 Ke6 48. Kf2 Rb2 49. Rh3 Rb7 50. g4 Rg7 51. Re3+ Kf7 52. Kf3
Rg5 53. h4 Ra5 54. Nf4 h6 55. Rd3 Ra7 56. Rd5 Re7 57. Rd6 Ra7 58. Nd5 1-0

[Event "19. Wch 2009 Veteranos"]
[Site "Condino ITA"]
[Date "2009.10.28"]
[Round "3.34"]
[White "Gardi, Giuseppe"]
[Black "Rosino, Antonio"]
[Result "0-1"]
[WhiteElo "2022"]
[BlackElo "2229"]
[PlyCount "116"]
[EventDate "2009.10.27"]
[EventType "swiss"]
[EventRounds "11"]
[EventCountry "ITA"]
[Source "lmi"]
[SourceDate "2009.10.27"]

1. d4 Nf6 2. Nf3 d5 3. e3 Bf5 4. Bd3 Bxd3 5. cxd3 e6 6. O-O c5 7. Qa4+ Qd7 8.
Nc3 Qxa4 9. Nxa4 Nbd7 10. dxc5 Bxc5 11. Bd2 O-O 12. Nxc5 Nxc5 13. Ne5 Rfc8 14.
Rfc1 Ncd7 15. Nxd7 Nxd7 16. Kf1 f6 17. Ke2 e5 18. f3 Kf7 19. Bb4 Ke6 20. h3 f5
21. Be1 e4 22. fxe4 dxe4 23. d4 Nb6 24. g3 g5 25. Bd2 Rxc1 26. Rxc1 Rc8 27. Bc3
Nd5 28. a3 Rc4 29. h4 gxh4 30. gxh4 Nf6 31. Rg1 Rc8 32. Rc1 Rg8 33. Kf1 Rg3 34.
Bd2 Nd5 35. Kf2 Rg4 36. Rh1 h5 37. Rh2 Rg7 38. Rh1 Rg4 39. Rh2 Nf6 40. Rh1 Kd7
41. Bb4 Rg8 42. Rd1 Rc8 43. Bc3 Nd5 44. Rg1 Nxc3 45. Rg7+ Kc6 46. bxc3 Kb6 47.
Rg6+ Ka5 48. Rf6 Rxc3 49. Rxf5+ b5 50. Rxh5 Rxa3 51. Rc5 Kb4 52. h5 Rc3 53. Ke2
Rc2+ 54. Kd1 Rh2 55. Re5 Kc4 56. d5 Kd3 57. Kc1 Kc3 58. Kb1 b4 0-1

[Event "19. Wch 2009 Veteranos"]
[Site "Condino ITA"]
[Date "2009.10.28"]
[Round "3.35"]
[White "Sawadkuhi, Massoud Amir"]
[Black "Bondar, Leonid"]
[Result "1-0"]
[WhiteElo "2228"]
[BlackElo "2054"]
[PlyCount "79"]
[EventDate "2009.10.27"]
[EventType "swiss"]
[EventRounds "11"]
[EventCountry "ITA"]
[Source "lmi"]
[SourceDate "2009.10.27"]

1. e4 Nf6 2. e5 Nd5 3. d4 d6 4. Nf3 Bg4 5. h3 Bxf3 6. Qxf3 dxe5 7. dxe5 Nc6 8.
Bb5 Qd7 9. O-O a6 10. Ba4 b5 11. Bb3 e6 12. Qe4 Bc5 13. c4 Nde7 14. Rd1 Qc8 15.
Nc3 Qb7 16. cxb5 axb5 17. a4 b4 18. Nb5 Rc8 19. Bg5 Qb6 20. Qc2 Na5 21. Ba2 b3
22. Bxb3 Bxf2+ 23. Qxf2 Qxf2+ 24. Kxf2 Nxb3 25. Ra3 Nc5 26. Bxe7 Kxe7 27. b4
Ne4+ 28. Ke3 f5 29. Na7 Ra8 30. Nc6+ Kf7 31. Rd7+ Kg6 32. a5 Kh6 33. Rad3 Rac8
34. Re7 Rhe8 35. Rxe8 Rxe8 36. a6 Ra8 37. a7 g5 38. Ra3 Ng3 39. Nd4 f4+ 40. Kd3
1-0

[Event "19. Wch 2009 Veteranos"]
[Site "Condino ITA"]
[Date "2009.10.28"]
[Round "3.36"]
[White "Van Den Berg, Ad"]
[Black "Vrhovnik, Damir"]
[Result "1/2-1/2"]
[WhiteElo "2220"]
[BlackElo "2045"]
[PlyCount "77"]
[EventDate "2009.10.27"]
[EventType "swiss"]
[EventRounds "11"]
[EventCountry "ITA"]
[Source "lmi"]
[SourceDate "2009.10.27"]

1. e4 c5 2. Nf3 d6 3. d4 cxd4 4. Nxd4 Nf6 5. Nc3 g6 6. Be3 Bg7 7. Be2 Nc6 8.
O-O O-O 9. Qd2 Ng4 10. Bxg4 Bxg4 11. Nd5 Rc8 12. c4 Be6 13. b3 Qd7 14. Rae1
Rfe8 15. f4 Bxd5 16. exd5 Nxd4 17. Bxd4 Bxd4+ 18. Qxd4 b5 19. f5 f6 20. fxg6
hxg6 21. Qd3 Kg7 22. cxb5 Rc5 23. a4 Qb7 24. Rd1 Rec8 25. Rf3 Rc1 26. h4 Rxd1+
27. Qxd1 Rc5 28. Rd3 Qc7 29. Qe2 Rc1+ 30. Kh2 Kf7 31. Qe3 Kg7 32. g4 Kf7 33. b4
Qc4 34. Rd4 Qf1 35. b6 Re1 36. Qxe1 Qxe1 37. bxa7 Qe5+ 38. Kh1 Qxd4 39. a8=Q
1/2-1/2

[Event "19. Wch 2009 Veteranos"]
[Site "Condino ITA"]
[Date "2009.10.28"]
[Round "3.38"]
[White "Vogel, Jaap"]
[Black "Beltrami, Nerio"]
[Result "1-0"]
[WhiteElo "2213"]
[BlackElo "2032"]
[PlyCount "68"]
[EventDate "2009.10.27"]
[EventType "swiss"]
[EventRounds "11"]
[EventCountry "ITA"]
[Source "lmi"]
[SourceDate "2009.10.27"]

1. Nf3 Nf6 2. d4 g6 3. g3 Bg7 4. Bg2 O-O 5. O-O d6 6. c4 Nc6 7. Nc3 Bf5 8. Ne1
Qc8 9. e4 Bh3 10. Nc2 Bxg2 11. Kxg2 e6 12. Be3 Nd7 13. f4 Na5 14. Qd3 c5 15. d5
a6 16. dxe6 fxe6 17. Qxd6 Re8 18. Rad1 Nf8 19. Na3 Rb8 20. Qxc5 Nc6 21. Qb6 Nd7
22. Qb3 Nf6 23. Bb6 Nd7 24. Bg1 Nf6 25. c5 Nd7 26. Nc4 Qc7 27. Rf3 Bf8 28. Nd6
Re7 29. Qc4 Na5 30. Qd4 Nc6 31. Qa4 b5 32. Qxa6 Nb4 33. Qa3 Nc2 34. Qb3 Nxc5
1-0

[Event "19. Wch 2009 Veteranos"]
[Site "Condino ITA"]
[Date "2009.10.28"]
[Round "3.39"]
[White "Andreas, Guenter"]
[Black "Zelkind, Eduard"]
[Result "0-1"]
[WhiteElo "1987"]
[BlackElo "2205"]
[PlyCount "120"]
[EventDate "2009.10.27"]
[EventType "swiss"]
[EventRounds "11"]
[EventCountry "ITA"]
[Source "lmi"]
[SourceDate "2009.10.27"]

1. e4 e6 2. d4 d5 3. Nc3 Bb4 4. e5 b6 5. Qg4 Bf8 6. f4 Ne7 7. Bd3 Qd7 8. Nf3
Ba6 9. Bxa6 Nxa6 10. a3 Nf5 11. Ne2 c5 12. c3 Nb8 13. Qh3 g6 14. g4 Ne7 15. Qg2
Nbc6 16. b4 Nc8 17. Bd2 cxb4 18. cxb4 b5 19. Kf2 Nb6 20. Bc3 Rc8 21. Nd2 Na4
22. Rhc1 Be7 23. Nb3 Nb6 24. Nd2 f6 25. exf6 Bxf6 26. Nf3 O-O 27. Kg3 Nc4 28.
g5 Bg7 29. Qf2 Ne7 30. Nh4 Rf7 31. Kg2 Rcf8 32. Qg3 Nc8 33. f5 exf5 34. Nf4 Re8
35. Re1 Re4 36. Nf3 Ne3+ 37. Kh1 Nc2 38. Rxe4 fxe4 39. Rc1 Nxa3 40. Ne5 Bxe5
41. dxe5 Qf5 42. e6 Rf8 43. Bb2 Qxf4 44. Qxf4 Rxf4 45. Rxc8+ Rf8 46. Rc7 Re8
47. Rg7+ Kf8 48. e7+ Rxe7 49. Rxe7 Kxe7 50. Bxa3 Ke6 51. Bb2 Kf5 52. Bf6 e3 53.
Kg2 Ke4 54. Kf1 d4 55. Ke2 d3+ 56. Kd1 Kf3 57. Bd4 a6 58. Bb6 Kf2 59. Bc5 d2
60. Bb6 a5 0-1

[Event "19. Wch 2009 Veteranos"]
[Site "Condino ITA"]
[Date "2009.10.28"]
[Round "3.41"]
[White "Blasco, Domenico"]
[Black "Feller, Josy"]
[Result "0-1"]
[WhiteElo "1984"]
[BlackElo "2196"]
[PlyCount "64"]
[EventDate "2009.10.27"]
[EventType "swiss"]
[EventRounds "11"]
[EventCountry "ITA"]
[Source "lmi"]
[SourceDate "2009.10.27"]

1. d4 d5 2. Nf3 Nf6 3. e3 g6 4. Bd3 Bg7 5. b3 O-O 6. Nbd2 Nbd7 7. Bb2 c5 8. O-O
b6 9. Qe2 Bb7 10. Ne5 Ne4 11. f3 Nxd2 12. Qxd2 Nxe5 13. dxe5 Qc7 14. f4 Rac8
15. Be2 f6 16. exf6 Bxf6 17. Bxf6 exf6 18. Bf3 Rcd8 19. Rad1 Qe7 20. c3 Rfe8
21. Rfe1 f5 22. g3 Kg7 23. Qg2 Rd7 24. Bxd5 Bxd5 25. Rxd5 Rxd5 26. Qxd5 Rd8 27.
Qc4 Rd2 28. Re2 Rd1+ 29. Kf2 Qd7 30. a4 Rh1 31. Kg2 Qd1 32. Rf2 Rg1+ 0-1

[Event "19. Wch 2009 Veteranos"]
[Site "Condino ITA"]
[Date "2009.10.28"]
[Round "3.42"]
[White "Rotelli, Pietro"]
[Black "Batakovs, Olegs"]
[Result "1-0"]
[WhiteElo "1979"]
[BlackElo "2186"]
[PlyCount "119"]
[EventDate "2009.10.27"]
[EventType "swiss"]
[EventRounds "11"]
[EventCountry "ITA"]
[Source "lmi"]
[SourceDate "2009.10.27"]

1. d4 Nf6 2. c4 g6 3. Nc3 Bg7 4. e4 d6 5. f3 O-O 6. Be3 Nc6 7. Nge2 a6 8. Ng3
e5 9. d5 Nd4 10. Nge2 Nxe2 11. Bxe2 Nh5 12. Qd2 f5 13. O-O-O f4 14. Bf2 Bd7 15.
c5 Rf7 16. Kb1 Bf8 17. Bc4 b5 18. cxb6 cxb6 19. a3 b5 20. Be2 Be8 21. Rc1 Rb7
22. Na2 a5 23. b3 Be7 24. Qe1 Bd7 25. Rc2 Qb8 26. Nc1 Bd8 27. Qd2 Bb6 28. Bxb6
Rxb6 29. Nd3 Rb7 30. Rhc1 Qa7 31. Qe1 Qb6 32. Qh4 Rf8 33. g4 Nf6 34. Qf2 Qd8
35. h4 Kh8 36. Qh2 Rg8 37. Nf2 Ne8 38. g5 Ng7 39. Bf1 Qb6 40. Bh3 b4 41. Bxd7
Rxd7 42. Ng4 bxa3 43. Ka2 Rb7 44. Rc3 a4 45. Qc2 Qd4 46. Rd1 axb3+ 47. Rxb3 Qa4
48. Rdb1 Nh5 49. Qc6 Qxc6 50. dxc6 Rc7 51. Rc1 Ng3 52. Rc2 Rgc8 53. Rbc3 Nf1
54. Nf6 Ne3 55. Rc1 Rb8 56. Nd5 Nxd5 57. exd5 Rb5 58. Rb3 Rxb3 59. Kxb3 Kg7 60.
Kxa3 1-0

[Event "19. Wch 2009 Veteranos"]
[Site "Condino ITA"]
[Date "2009.10.28"]
[Round "3.63"]
[White "Davydov, Mihail"]
[Black "Sevenyuk, Alexey"]
[Result "0-1"]
[WhiteElo "2061"]
[BlackElo "1900"]
[PlyCount "62"]
[EventDate "2009.10.27"]
[EventType "swiss"]
[EventRounds "11"]
[EventCountry "ITA"]
[Source "lmi"]
[SourceDate "2009.10.27"]

1. e4 c5 2. Nf3 d6 3. d4 cxd4 4. Nxd4 Nf6 5. Nc3 g6 6. Be3 Bg7 7. f3 Nc6 8. Bc4
Bd7 9. Qd2 O-O 10. Bb3 Rb8 11. O-O-O Na5 12. g4 b5 13. Bh6 b4 14. Nd5 Nxb3+ 15.
cxb3 Nxd5 16. exd5 Qa5 17. Kb1 Qxd5 18. Bxg7 Kxg7 19. Ka1 Qa5 20. h4 Rb6 21.
Ne2 Ra6 22. Nc1 Rc8 23. Kb1 Rxc1+ 24. Kxc1 Qxa2 25. Qxb4 Rc6+ 26. Kd2 Qxb2+ 27.
Ke1 Qg2 28. Rf1 Rc2 29. Qd4+ e5 30. Qe3 Qg3+ 31. Rf2 Qg1+ 0-1

[Event "19. Wch 2009 Veteranos"]
[Site "Condino ITA"]
[Date "2009.10.28"]
[Round "3.68"]
[White "Strohbusch, Frank"]
[Black "Salvo, Guglielmo"]
[Result "0-1"]
[WhiteElo "1777"]
[BlackElo "1976"]
[PlyCount "72"]
[EventDate "2009.10.27"]
[EventType "swiss"]
[EventRounds "11"]
[EventCountry "ITA"]
[Source "lmi"]
[SourceDate "2009.10.27"]

1. e4 e5 2. Nf3 Nc6 3. Bc4 Bc5 4. c3 h6 5. d3 a6 6. b4 Ba7 7. Qb3 Qe7 8. O-O
Nf6 9. Re1 O-O 10. Nbd2 d6 11. Nf1 Ng4 12. Ne3 Bxe3 13. Bxe3 Kh8 14. h3 Nxe3
15. fxe3 f5 16. exf5 Bxf5 17. e4 Bxh3 18. Re3 Bd7 19. Qd1 Bg4 20. Qe2 Rf4 21.
Qf2 Raf8 22. Qg3 Bxf3 23. Rxf3 Rxf3 24. gxf3 Qf6 25. Kg2 Ne7 26. Kf2 Ng6 27.
Rf1 Nf4 28. Ke3 c6 29. Bb3 d5 30. Bc2 d4+ 31. cxd4 exd4+ 32. Kf2 Qe6 33. Rg1
Nh3+ 34. Kg2 Nxg1 35. Kxg1 Qxa2 36. Qf2 Qb2 0-1

[Event "19. Wch 2009 Veteranos"]
[Site "Condino ITA"]
[Date "2009.10.28"]
[Round "3.69"]
[White "De Laubadere, Philippe"]
[Black "Thonig, Manfred"]
[Result "1-0"]
[WhiteElo "1972"]
[BlackElo "1706"]
[PlyCount "35"]
[EventDate "2009.10.27"]
[EventType "swiss"]
[EventRounds "11"]
[EventCountry "ITA"]
[Source "lmi"]
[SourceDate "2009.10.27"]

1. d4 e6 2. c4 f5 3. Nc3 Nf6 4. Nf3 d5 5. Bf4 Bb4 6. Rc1 Ne4 7. e3 O-O 8. Bd3
Nd7 9. O-O Ndf6 10. cxd5 exd5 11. Bxc7 Qxc7 12. Nxe4 Qe7 13. Nxf6+ Rxf6 14. Qb3
Be6 15. Ng5 Raf8 16. Nxe6 Rxe6 17. Qxd5 g6 18. Qxe6+ 1-0

[Event "19. Wch 2009 Veteranos"]
[Site "Condino ITA"]
[Date "2009.10.28"]
[Round "3.70"]
[White "Battaglia, Emanuele"]
[Black "Zotin, Vladimir"]
[Result "1/2-1/2"]
[WhiteElo "1580"]
[BlackElo "2015"]
[PlyCount "50"]
[EventDate "2009.10.27"]
[EventType "swiss"]
[EventRounds "11"]
[EventCountry "ITA"]
[Source "lmi"]
[SourceDate "2009.10.27"]

1. d4 Nf6 2. c4 c5 3. Nf3 e6 4. Nc3 b6 5. Bg5 Be7 6. e3 Bb7 7. Be2 O-O 8. O-O
d6 9. h3 a6 10. Qc2 Qc7 11. Rad1 Nbd7 12. d5 Rfe8 13. dxe6 fxe6 14. Rd2 Qc6 15.
Rfd1 Rad8 16. Bf4 Nf8 17. Ne1 e5 18. Bh2 Ng6 19. Nd5 Nxd5 20. Rxd5 Qc8 21. R5d2
Qe6 22. Bf3 e4 23. Bg4 Qf6 24. Qb3 Ne5 25. Bxe5 dxe5 1/2-1/2

[Event "19. Wch 2009 Veteranos"]
[Site "Condino ITA"]
[Date "2009.10.28"]
[Round "3.72"]
[White "Flotten, Erling"]
[Black "Hellwege, Werner"]
[Result "0-1"]
[WhiteElo "1840"]
[BlackElo "2000"]
[PlyCount "56"]
[EventDate "2009.10.27"]
[EventType "swiss"]
[EventRounds "11"]
[EventCountry "ITA"]
[Source "lmi"]
[SourceDate "2009.10.27"]

1. e4 c5 2. f4 e6 3. Nf3 Nc6 4. c3 Nf6 5. d3 d6 6. Be2 Be7 7. O-O O-O 8. Na3
Qc7 9. Nc2 b6 10. Qe1 Ba6 11. d4 Bxe2 12. Qxe2 d5 13. e5 Ne4 14. Be3 f5 15.
exf6 Rxf6 16. Ne5 cxd4 17. cxd4 Nxe5 18. dxe5 Rg6 19. Rac1 Bc5 20. Nd4 Qe7 21.
a3 a5 22. Nf3 Rf8 23. Nd4 Qh4 24. Nf3 Bxe3+ 25. Qxe3 Qxf4 26. Qxb6 Rh6 27. Qb7
Qe3+ 28. Kh1 Ng3# 0-1

[Event "19. Wch 2009 Veteranos"]
[Site "Condino ITA"]
[Date "2009.10.28"]
[Round "3.73"]
[White "Keze, Arnis"]
[Black "Zachariassen, John"]
[Result "1-0"]
[WhiteElo "1831"]
[BlackElo "1973"]
[PlyCount "39"]
[EventDate "2009.10.27"]
[EventType "swiss"]
[EventRounds "11"]
[EventCountry "ITA"]
[Source "lmi"]
[SourceDate "2009.10.27"]

1. d4 g6 2. c4 Bg7 3. Nc3 d6 4. Nf3 Nd7 5. e4 e5 6. dxe5 dxe5 7. Bg5 f6 8. Be3
c6 9. Qd2 Qe7 10. Be2 Qf8 11. O-O-O Bh6 12. h4 Bxe3 13. Qxe3 Qc5 14. Qxc5 Nxc5
15. h5 g5 16. Rd6 Ke7 17. Rhd1 Nh6 18. Nxe5 fxe5 19. b4 Nd7 20. Rxh6 1-0